Central Library OPAC University of Rajshahi

গল্প সংগ্রহ / (Record no. 41053)

MARC details
000 -LEADER
fixed length control field 00911nam a2200253 a 4500
001 - CONTROL NUMBER
control field 41053
003 - CONTROL NUMBER IDENTIFIER
rucl marc code BD-RjUL
005 - DATE AND TIME OF LATEST TRANSACTION
control field 20211209053324.0
008 - FIXED-LENGTH DATA ELEMENTS--GENERAL INFORMATION
fixed length control field 160514s1966 bg ||||| |||| 00| f ben d
020 ## - INTERNATIONAL STANDARD BOOK NUMBER
Terms of availability : Tk. 5.50
035 ## - SYSTEM CONTROL NUMBER
System control number (BD-RjUL) 41169
040 ## - CATALOGING SOURCE
Original cataloging agency BD-RjUL
Language of cataloging ben
Transcribing agency BD-RjUL
041 ## - LANGUAGE CODE
Language code of text/sound track or separate title ben
082 ## - DEWEY DECIMAL CLASSIFICATION NUMBER
Edition number 23
Classification number 891.443
Author mark and year DHG 1966
110 ## - MAIN ENTRY--CORPORATE NAME
Corporate name or jurisdiction name as entry element ঢাকা বিশ্ববিদ্যালয়
9 (RLIN) 126318
245 10 - TITLE STATEMENT
Title গল্প সংগ্রহ /
Statement of responsibility, etc. ঢাকা বিশ্ববিদ্যালয়
250 ## - EDITION STATEMENT
Edition statement ২য় সং.
260 ## - PUBLICATION, DISTRIBUTION, ETC. (IMPRINT)
Place of publication, distribution, etc. ঢাকা :
Name of publisher, distributor, etc. ঢাকা বিশ্ববিদ্যালয়,
Date of publication, distribution, etc. ১৯৬৬
300 ## - PHYSICAL DESCRIPTION
Pagination [৪], ৩৭২ পৃ. ;
Size ২১ সেমি.
500 ## - GENERAL NOTE
General note (বি. এ. শ্রেণীর পাঠ্য)
650 ## - SUBJECT ADDED ENTRY--TOPICAL TERM
Topical term or geographic name as entry element বাংলা গল্প
9 (RLIN) 120183
Topical term or geographic name as entry element Bengali Fiction
9 (RLIN) 126319
942 ## - ADDED ENTRY ELEMENTS (KOHA)
Source of classification or shelving scheme Dewey Decimal Classification
Koha item type Books
Holdings
Lost status Source of classification or shelving scheme Damaged status Not for loan Collection code Permanent Location Current Location Shelving location Date acquired Source of acquisition Cost, normal purchase price Total Checkouts Full call number Date last seen Copy number Koha item type
  Dewey Decimal Classification     Fiction Central Library, University of Rajshahi Central Library, University of Rajshahi   07/02/1967 Nowrage Kitab Bistan 5.50   B 891.443 DHG 1966 14/05/2016 C-2 Books
  Dewey Decimal Classification     Fiction Central Library, University of Rajshahi Central Library, University of Rajshahi   22/02/1967 Nowrose kitabitan, Dhaka. 2.50   B 891.443 DHG 1966 20/07/2016 C-3 Books